| 000 | 00710nam a2200217 a 4500 | ||
|---|---|---|---|
| 003 | DO-SdBNP | ||
| 005 | 20251209092412.0 | ||
| 007 | ta | ||
| 008 | 211029e1980 dr ao||gr|||| 001 0 spa d | ||
| 040 |
_aDO-SdBNP _bspa _cBNPHU |
||
| 082 | 4 |
_222 _bT267c |
|
| 245 | 1 | 3 |
_aLa telecomunicación y Codetel / _ccompilación, Ángela Peña |
| 260 |
_a[Santo Domingo] : _bCodetel, _c1980 |
||
| 300 |
_a94 p. : _bil., fot. ; _c30 cm. |
||
| 590 | _aInventariado 2021 / MF | ||
| 610 | 2 | 4 |
_aCodetel (República Dominicana) _980390 |
| 650 | 0 |
_aTelecomunicaciones _zRepública Dominicana _9550 |
|
| 650 | 4 |
_aTeléfono _zRepública Dominicana _xHistoria _937182 |
|
| 700 | 1 |
_937722 _aPeña, Ángela _ecompiladora |
|
| 942 |
_2ddc _cLBS1 |
||
| 999 |
_c50830 _d50830 |
||